00481nam a2200193 a 4500001001300000003000900013005001700022008004100039020001200080082001400092100002100106245003500127260002900162300000900191500003500200505001000235650002100245700002100266nice12345678IN_TiNIC20260116011251.0050524s1967 lona grp 000 0 eng  ac45.9900a241bMAC1 aMacquarrie, John aDictionary of Christian Ethics aLondonbScm Press c1967 a366p aincludes index and biblioraphy2 aNotes aChristian-Ethics1 aMacquarrie, John